Países que terminan en vocal - Estadísticas

Estadísticas generales
  • Esta prueba ha sido intentada 4 veces
    3 desde el último reinicio
  • La puntuación promedio es 90 de 133
Estadísticas de respuestas
Que termine, no que empiece, ehhh % Correcto
Si Albania
100%
tratas Alemania
100%
de Andorra
100%
, Argentina
100%
volverás Australia
100%
más Austria
100%
majareta Bélgica
100%
, Bolivia
100%
a Canadá
100%
la Chile
100%
calle China
100%
, Costa Rica
100%
corre Croacia
100%
, Cuba
100%
ya España
100%
¿ Finlandia
100%
Cuánto Fiyi
100%
en Guatemala
100%
cuánto Hungría
100%
te India
100%
has Irlanda
100%
en Islandia
100%
tratar Jamaica
100%
No Kosovo
100%
, México
100%
de Nicaragua
100%
cama Noruega
100%
de Nueva Zelanda
100%
, Perú
100%
seguro Reino Unido
100%
te República del Congo
100%
has República Democrática del Congo
100%
duchado República Dominicana
100%
todo Rumanía
100%
el Rusia
100%
cada Serbia
100%
el Sudáfrica
100%
vecindario Suecia
100%
, Suiza
100%
tus Uganda
100%
gases Vanuatu
100%
radiactivos Venezuela
100%
. Zambia
100%
¡Levántate y anda! Zimbabue
100%
hacerlo Angola
67%
la Arabia Saudita
67%
perfección Argelia
67%
te Armenia
67%
que Belice
67%
que Bosnia y Herzegovina
67%
es Bulgaria
67%
, Chipre
67%
explora Ciudad del Vaticano
67%
tu Colombia
67%
vuela Dinamarca
67%
, Egipto
67%
estudia Eslovaquia
67%
, Eslovenia
67%
hora Esuatini
67%
tiempo Francia
67%
llevado Grecia
67%
escribir Guinea
67%
esto Guinea - Bissau
67%
y Haití
67%
tiempo Indonesia
67%
llevado Italia
67%
de Jordania
67%
descifrarlo Kenia
67%
lo Lesoto
67%
suficiente Letonia
67%
parece Liberia
67%
, Libia
67%
porque Lituania
67%
Luxemburgo
67%
a Malta
67%
aunque Moldavia
67%
sea Mónaco
67%
¿ Montenegro
67%
? Namibia
67%
la Nigeria
67%
una Panamá
67%
vez Papúa Nueva Guinea
67%
que Polonia
67%
no República Checa
67%
en Ruanda
67%
día Samoa
67%
y San Marino
67%
eso Santa Lucía
67%
hasta Tailandia
67%
en Tanzania
67%
otra Tonga
67%
del Turquía
67%
con Ucrania
67%
putrefactos Yibuti
67%
a Antigua y Barbuda
33%
yo Bielorrusia
33%
eso Botsuana
33%
ya Brunéi
33%
un Burkina Faso
33%
decir Burundi
33%
. Cabo Verde
33%
Vete Camboya
33%
entorno Corea del Norte
33%
(si te matas, nome hago responsable) Dominica
33%
va Estados Federados de Micronesia
33%
siendo Estonia
33%
. Etiopía
33%
crees Gambia
33%
que Georgia
33%
me Ghana
33%
he Granada
33%
, Guyana
33%
? Kiribati
33%
, Líbano
33%
sigues Macedonia del Norte
33%
leyéndolo Malasia
33%
. Malaui
33%
Ve Mali
33%
beber Mauricio
33%
agua Mauritania
33%
, Mongolia
33%
no Mozambique
33%
Levántate Nauru
33%
que República Centroafricana
33%
huele Santo Tomé y Príncipe
33%
vez Sierra Leona
33%
más Siria
33%
por Somalia
33%
todo Sri Lanka
33%
la Togo
33%
punta Trinidad y Tobago
33%
país Tuvalu
33%
que Eritrea
0%
No se encontraron pruebas coincidentes
Distribución de puntuación
Porcentaje de gente con cada puntuación
Porcentaje por número respondido
Historial de tus puntuaciones
No has intentado esta prueba desde el último reinicio